000 00602nam a2200217 a 4500
001 BRCA_6577
005 20190320205517.0
008 300911s1920----gw-#######---#000-0#ger-#
041 _ager
044 _agw
050 4 _aPF3127
_b.S3 C64
_c1920
100 1 _aCohn, Lassar
_916406
245 1 0 _aDie Chemie im täglichen Leben
_cLassar-Cohn.
260 _aLeipzig, Alemania
_bLeopold Voss
_c1920
300 _aviii, 356 p.
_c22 cm.
500 _aL119
650 1 4 _aAlemán
_vLibros de lectura
_916407
650 1 4 _aQuímica
_vDiscursos, ensayos, conferencias
_916408
902 _aGFM
942 _2lcc
_cB
999 _c6261
_d6261